Statistics for UEFA club competition winners by country

Click here to take the quiz!

General Stats

  • This quiz has been taken 4,858 times
  • The average score is 15 of 19

Answer Stats

HintAnswer% Correct
46Spain
100%
39England
99%
29Germany
99%
48Italy
98%
14France
97%
11Portugal
96%
18Netherlands
92%
3Russia
88%
7Belgium
83%
4Scotland
83%
2Sweden
80%
1Ukraine
76%
2Romania
72%
2Turkey
71%
1Denmark
67%
2Yugoslavia
64%
4Soviet Union
47%
1Czechoslovakia
40%
1East Germany
23%

Score Distribution

Percentile by Number Answered

Percent of People with Each Score

Your Score History

You have not taken this quiz